| 000 | 00000nam##2200000za#4500 |
| 001 | 9.568888 |
| 003 | CaOODSP |
| 005 | 20210624181509 |
| 007 | cr ||||||||||| |
| 008 | 150406|1998||||xxc|||||o f|0| 0 eng|d |
| 040 | |aCaOODSP|beng |
| 043 | |an-cn--- |
| 086 | 1 |aBT31-4/66-1998E-PDF |
| 110 | 1 |aCanada. |bTreasury Board. |
| 245 | 10|aPublic Service Commission of Canada, performance report for the period ending March 31, 1998 |h[electronic resource] |
| 246 | 3 |aEstimates |
| 260 | |aOttawa - Ontario : |bTreasury Board of Canada Secretariat |c[1998]. |
| 300 | |a65p.|bfigs., organization chart, tables |
| 490 | 1 |aPerformance report for the period ending March 31, 1998 |vFor the period ending March 31, 1998 |
| 500 | |aThe catalogue number (BT31-4/66-1998) and ISBN (0-660-60732-8) for the bilingual print edition have been incorrectly copied in this electronic publication. |
| 590 | |a10-15-Supp|b2010-12-10 |
| 775 | 08|tCommission de la fonction publique du Canada, rapport sur le rendement pour la période se terminant le 31 mars 1998 |w(CaOODSP)9.600150 |
| 776 | 0#|tPublic Service Commission of Canada|w(CaOODSP)9.531134 |
| 776 | 0#|tCommission de la fonction publique du Canada|w(CaOODSP)9.531135 |
| 830 | #0|aPerformance report for the period ending March 31, 1998 ;|vFor the period ending March 31, 1998|w(CaOODSP)9.506257 |
| 856 | 40|ahttp://publications.gc.ca|qPDF|s383 KB|uhttps://publications.gc.ca/collections/Collection/BT31-4-66-1998E.pdf|yFor the period ending March 31, 1998 |